Villes du jeu Les aventuriers du rail - Europe - Statistiques

Statistiques générales
  • Ce quiz a été pris 27 fois
  • Le résultat moyen est 35 sur 47
Statistiques - réponses
Hint Réponse % Correct
Portugal Lisboa
100%
Royaume-Uni London
100%
Espagne Madrid
100%
France Marseille
100%
France Paris
100%
Italie Roma
100%
Pays-Bas Amsterdam
96%
Empire Allemand Berlin
96%
Empire Russe Moskva
96%
Suède Stockholm
96%
Espagne Barcelona
92%
France Brest
92%
Belgique Bruxelles
92%
Roumanie Bucuresti
92%
Royaume-Uni Edinburgh
92%
Autriche-Hongrie Wien
92%
Grèce Athína
88%
Autriche-Hongrie Budapest
88%
Danemark København
88%
Italie Venezia
88%
Suisse Zürich
88%
Empire Allemand Frankfurt
84%
Bosnie-Herzégovine Sarajevo
84%
Bulgarie Sofia
84%
Croatie Zágráb
84%
Empire Ottoman Constantinople
80%
Empire Russe Petrograd
80%
Espagne Cádiz
76%
Empire Allemand München
76%
Empire Russe Kyïv
72%
Italie Palermo
72%
Empire Ottoman Angora
68%
Empire Russe Riga
60%
Empire Russe Warszawa
56%
Italie Brindisi
52%
Espagne Pamplona
52%
Empire Allemand Danzig
48%
Empire Ottoman Erzurum
48%
Empire Russe Sevastopol
48%
Empire Allemand Essen
44%
France Dieppe
40%
Empire Russe Wilno
36%
Empire Russe Rostov
32%
Empire Russe Smolensk
32%
Empire Ottoman Smyrna
32%
Empire Russe Sochi
28%
Empire Russe Kharkov
24%
Aucun quiz correspondant
Distribution des résultats
% des personnes avec chaque résultat
Percentile par nombre de réponses
Votre historique - résultats
Vous n’avez pas pris ce quiz